<?xml version="1.0" encoding="UTF-8"?>
<record
    xmlns:xsi="http://www.w3.org/2001/XMLSchema-instance"
    xsi:schemaLocation="http://www.loc.gov/MARC21/slim http://www.loc.gov/standards/marcxml/schema/MARC21slim.xsd"
    xmlns="http://www.loc.gov/MARC21/slim">

  <leader>01047nam a22002177a 4500</leader>
  <controlfield tag="003">UA-OsUOA</controlfield>
  <controlfield tag="001"> 56974 </controlfield>
  <controlfield tag="007">ta</controlfield>
  <controlfield tag="008">20081124b un ||||| |||| 00| 0 ukr d</controlfield>
  <datafield tag="090" ind1=" " ind2=" ">
    <subfield code="a">364.445:377</subfield>
    <subfield code="b">&#x420;64</subfield>
  </datafield>
  <datafield tag="942" ind1=" " ind2=" ">
    <subfield code="c">BK</subfield>
  </datafield>
  <datafield tag="040" ind1=" " ind2=" ">
    <subfield code="a">UA-OsUOA</subfield>
    <subfield code="b">ukr</subfield>
    <subfield code="c">UA-OsUOA</subfield>
    <subfield code="d">UA-OsUOA</subfield>
  </datafield>
  <datafield tag="245" ind1=" " ind2=" ">
    <subfield code="a">&#x420;&#x43E;&#x437;&#x431;&#x443;&#x434;&#x43E;&#x432;&#x430; &#x43D;&#x430;&#x432;&#x438;&#x447;&#x43E;&#x43A; &#x441;&#x430;&#x43C;&#x43E;&#x441;&#x442;&#x456;&#x439;&#x43D;&#x43E;&#x433;&#x43E; &#x436;&#x438;&#x442;&#x442;&#x44F; &#x456; &#x441;&#x43F;&#x440;&#x438;&#x44F;&#x43D;&#x43D;&#x44F; &#x437;&#x430;&#x439;&#x43D;&#x44F;&#x442;&#x43E;&#x441;&#x442;&#x456; &#x434;&#x43B;&#x44F; &#x432;&#x438;&#x43F;&#x443;&#x441;&#x43A;&#x43D;&#x438;&#x43A;&#x456;&#x432; &#x43F;&#x440;&#x43E;&#x444;&#x435;&#x441;&#x456;&#x439;&#x43D;&#x43E;-&#x442;&#x435;&#x445;&#x43D;&#x456;&#x447;&#x43D;&#x438;&#x445; &#x43D;&#x430;&#x432;&#x447;&#x430;&#x43B;&#x44C;&#x43D;&#x438;&#x445; &#x437;&#x430;&#x43A;&#x43B;&#x430;&#x434;&#x456;&#x432; - &#x43A;&#x43E;&#x43B;&#x438;&#x448;&#x43D;&#x456;&#x445; &#x432;&#x438;&#x445;&#x43E;&#x432;&#x430;&#x43D;&#x446;&#x456;&#x432; &#x456;&#x43D;&#x442;&#x435;&#x440;&#x43D;&#x430;&#x442;&#x43D;&#x438;&#x445; &#x443;&#x441;&#x442;&#x430;&#x43D;&#x43E;&#x432; &#x434;&#x43B;&#x44F; &#x434;&#x456;&#x442;&#x435;&#x439;-&#x441;&#x438;&#x440;&#x456;&#x442;</subfield>
    <subfield code="b">&#x41C;&#x43E;&#x434;&#x435;&#x43B;&#x44C; &#x441;&#x43E;&#x446;&#x456;&#x430;&#x43B;&#x44C;&#x43D;&#x43E;&#x457; &#x43F;&#x456;&#x434;&#x442;&#x440;&#x438;&#x43C;&#x43A;&#x438; &#x442;&#x430; &#x441;&#x43F;&#x440;&#x438;&#x44F;&#x43D;&#x43D;&#x44F; &#x43F;&#x440;&#x430;&#x446;&#x435;&#x432;&#x43B;&#x430;&#x448;&#x442;&#x443;&#x432;&#x430;&#x43D;&#x43D;&#x44E; &#x43C;&#x43E;&#x43B;&#x43E;&#x434;&#x456; &#x437; &#x443;&#x440;&#x430;&#x437;&#x43B;&#x438;&#x432;&#x438;&#x445; &#x441;&#x43E;&#x446;&#x456;&#x430;&#x43B;&#x44C;&#x43D;&#x438;&#x445; &#x433;&#x440;&#x443;&#x43F;</subfield>
  </datafield>
  <datafield tag="300" ind1=" " ind2=" ">
    <subfield code="a">84 &#x441;.</subfield>
  </datafield>
  <datafield tag="955" ind1=" " ind2=" ">
    <subfield code="a">2</subfield>
  </datafield>
  <datafield tag="041" ind1=" " ind2=" ">
    <subfield code="a">ukr</subfield>
  </datafield>
  <datafield tag="080" ind1=" " ind2=" ">
    <subfield code="a">364.445:377</subfield>
  </datafield>
  <datafield tag="260" ind1=" " ind2=" ">
    <subfield code="a">&#x41A;.</subfield>
    <subfield code="c">2006</subfield>
  </datafield>
  <datafield tag="650" ind1=" " ind2="7">
    <subfield code="a">36 &#x417;&#x430;&#x431;&#x435;&#x437;&#x43F;&#x435;&#x447;&#x435;&#x43D;&#x43D;&#x44F; &#x434;&#x443;&#x445;&#x43E;&#x432;&#x43D;&#x438;&#x445; &#x442;&#x430; &#x43C;&#x430;&#x442;&#x435;&#x440;&#x456;&#x430;&#x43B;&#x44C;&#x43D;&#x438;&#x445; &#x436;&#x438;&#x442;&#x442;&#x454;&#x432;&#x438;&#x445; &#x43F;&#x43E;&#x442;&#x440;&#x435;&#x431;</subfield>
    <subfield code="2">UDC</subfield>
  </datafield>
  <datafield tag="999" ind1=" " ind2=" ">
    <subfield code="c">343056</subfield>
    <subfield code="d">343056</subfield>
  </datafield>
  <datafield tag="952" ind1=" " ind2=" ">
    <subfield code="0">0</subfield>
    <subfield code="1">0</subfield>
    <subfield code="2">udc</subfield>
    <subfield code="4">0</subfield>
    <subfield code="7">0</subfield>
    <subfield code="8">C_KOLOS</subfield>
    <subfield code="a">102</subfield>
    <subfield code="b">102</subfield>
    <subfield code="d">2008-11-24</subfield>
    <subfield code="e">162/2008</subfield>
    <subfield code="g">5.00</subfield>
    <subfield code="i">117110</subfield>
    <subfield code="l">0</subfield>
    <subfield code="o">364.445:377 &#x420;64</subfield>
    <subfield code="p">117110</subfield>
    <subfield code="r">2022-02-06 00:00:00</subfield>
    <subfield code="w">2008-11-24</subfield>
    <subfield code="y">BK</subfield>
  </datafield>
</record>
